000 005070000a22001810004500
003 MACL
005 20160422123333.0
008 160422b xxu||||| |||| 00| 0 eng d
040 _aMACL
_cMACL
041 _aHindi
082 _a294
100 _aदूबे जगत नारायण
_948779
245 _aभारतीय ऋषिकोश
260 _bशब्‍द भारती
_c1996
_aइलाहाबाद
350 _a200
650 _aReligion
_953317
942 _cHIN
_k294
_2ddc
999 _c9872
_d9872